| 000 | 00870nam a22002177a 4500 | ||
|---|---|---|---|
| 005 | 20250417142557.0 | ||
| 008 | 250417b |||||||| |||| 00| 0 eng d | ||
| 020 | _a978-93-88684-01-9 | ||
| 037 | _cTB | ||
| 040 |
_aCRL _cCRL |
||
| 041 |
_2hin _ahin |
||
| 084 |
_aO152:g Q9 _qCRL |
||
| 100 | _aकुमार, अरुण | ||
| 245 |
_aहिन्दी साहित्य: _bपरंपरा और प्रयोग |
||
| 260 |
_aनई दिल्ली, भारत: _bवाणी प्रकाशन, _c2019. |
||
| 300 | _a177पृ0 | ||
| 365 |
_b450.00 _cINR |
||
| 650 | _2हिन्दी साहित्य | ||
| 942 |
_2CC _cTB _hO152:g Q9 _n0 |
||
| 999 |
_c1309119 _d1309119 |
||